000 00679nam0a22002531 4500
001 v19\rc\1978944
005 20250619223026.0
035 _a(NLR Aleph) 005062349
090 _a7009421
_c7009421
100 _a20080623d1914 |||y0rusy50 ca
101 0 _arus
102 _aRU
105 _ay z |||||
200 1 _aО покаянии
210 _aКазань
_cлито-тип. И.Н. Харитонова
_d1914
215 _a4 с.
300 _aВ конце текста: И.Р.
309 _aБез тит. л. и обл.
701 0 _aИ. Р.
801 0 _aRU
_bNLR
_gpsbo
801 1 _aRU
_bProSoft-M
_2rusmarc
852 _aNLR
_j37.57.4.50
942 _cBOOK
980 _aNB